Klicke die österreichischen Städte auf einer Karte - Statistiken

Allgemein
  • Dieses Quiz wurde 73 mal gespielt
  • Das Durchschnittsergebnis liegt bei 14 aus 20
Antworten auf der Karte
Die Antworten werden auf der Karte rot bzw. grün angezeigt, abhängig davon wie oft sie richtig erraten wurden.
 
Antwortstatistiken
Antwort % Korrekt
Wien
89%
Salzburg
86%
Innsbruck
79%
Bregenz
77%
Klagenfurt am Wörthersee
77%
Braunau am Inn
75%
Villach
74%
Feldkirch
72%
Kufstein
72%
Wiener Neustadt
72%
Eisenstadt
68%
Lienz
63%
Linz
61%
St. Pölten
61%
Wels
61%
Zell am See
60%
Graz
58%
Leoben
58%
Liezen
56%
Waidhofen an der Ybbs
53%
Keine übereinstimmenden Quizze gefunden
Verteilung der Resultate
Anzahl Personen mit jedem Resultat
Perzentil nach korrekt beantworteten Fragen
Ihre Resultats-Entwicklung
Sie haben dieses Quiz noch nicht gespielt